[Event "World Cup 2017"]
[Site "Tbilisi"]
[Date "2017.09.10"]
[Round "18.15"]
[White "Jobava Baadur (GEO)"]
[Black "Nepomniachtchi Ian (RUS)"]
[Result "1/2-1/2"]
[BlackElo "2751"]
[WhiteElo "2687"]
[LiveChessVersion "1.4.8"]

1. b3 {[%clk 1:30:55]} e5 {[%clk 1:30:21]} 2. Bb2 {[%clk 1:31:17]} Nc6
{[%clk 1:30:44]} 3. Nf3 {[%clk 1:31:39]} e4 {[%clk 1:28:05]} 4. Nd4
{[%clk 1:32:03]} Nxd4 {[%clk 1:27:18]} 5. Bxd4 {[%clk 1:32:27]} d5
{[%clk 1:27:17]} 6. e3 {[%clk 1:32:51]} Ne7 {[%clk 1:23:32]} 7. Bb2
{[%clk 1:32:12]} Nc6 {[%clk 1:20:25]} 8. d3 {[%clk 1:31:56]} Qg5 {[%clk 1:13:39]}
9. Nc3 {[%clk 1:28:28]} Bb4 {[%clk 1:12:05]} 10. a3 {[%clk 1:26:50]} Bxc3+
{[%clk 1:12:22]} 11. Bxc3 {[%clk 1:27:13]} Bg4 {[%clk 1:12:29]} 12. Qd2
{[%clk 1:25:58]} O-O-O {[%clk 1:12:44]} 13. d4 {[%clk 1:25:06]} f5
{[%clk 1:11:45]} 14. Bb4 {[%clk 1:21:37]} Bh5 {[%clk 1:08:37]} 15. h4
{[%clk 1:12:57]} Qg6 {[%clk 1:07:35]} 16. g3 {[%clk 0:57:46]} Bf3
{[%clk 1:06:05]} 17. Rg1 {[%clk 0:57:27]} Rhe8 {[%clk 1:05:32]} 18. Qc3
{[%clk 0:56:55]} Qh5 {[%clk 1:01:40]} 19. Bc5 {[%clk 0:40:34]} Re6
{[%clk 0:54:46]} 20. b4 {[%clk 0:38:37]} b6 {[%clk 0:45:33]} 21. b5
{[%clk 0:38:47]} bxc5 {[%clk 0:45:43]} 22. bxc6 {[%clk 0:39:12]} c4
{[%clk 0:46:08]} 23. Qa5 {[%clk 0:38:07]} Rxc6 {[%clk 0:45:33]} 24. Qxa7
{[%clk 0:38:20]} Rb6 {[%clk 0:38:38]} 1/2-1/2

[Event "World Cup 2017"]
[Site "Tbilisi"]
[Date "2017.09.10"]
[Round "18.16"]
[White "Svidler Peter (RUS)"]
[Black "Onischuk Alexander (USA)"]
[Result "1-0"]
[BlackElo "2682"]
[WhiteElo "2751"]
[LiveChessVersion "1.4.8"]

1. e4 {[%clk 1:30:31]} e5 {[%clk 1:30:39]} 2. Nf3 {[%clk 1:30:54]} Nc6
{[%clk 1:31:02]} 3. Bb5 {[%clk 1:31:19]} a6 {[%clk 1:31:24]} 4. Ba4
{[%clk 1:31:44]} Nf6 {[%clk 1:31:41]} 5. O-O {[%clk 1:31:48]} Be7
{[%clk 1:31:30]} 6. Re1 {[%clk 1:29:46]} b5 {[%clk 1:31:44]} 7. Bb3
{[%clk 1:30:12]} O-O {[%clk 1:31:36]} 8. a4 {[%clk 1:30:37]} b4 {[%clk 1:30:31]}
9. d3 {[%clk 1:25:47]} d6 {[%clk 1:29:56]} 10. a5 {[%clk 1:24:12]} Rb8
{[%clk 1:27:03]} 11. Nbd2 {[%clk 1:21:09]} Be6 {[%clk 1:26:45]} 12. Bxe6
{[%clk 1:14:41]} fxe6 {[%clk 1:27:03]} 13. c3 {[%clk 1:13:01]} Nd7
{[%clk 1:15:06]} 14. Nb3 {[%clk 0:57:02]} d5 {[%clk 1:06:03]} 15. Be3
{[%clk 0:54:15]} bxc3 {[%clk 1:02:13]} 16. bxc3 {[%clk 0:54:22]} dxe4
{[%clk 0:51:43]} 17. dxe4 {[%clk 0:53:58]} Rb5 {[%clk 0:50:44]} 18. Qe2
{[%clk 0:46:39]} Qb8 {[%clk 0:46:53]} 19. Qc4 {[%clk 0:43:49]} Nd8
{[%clk 0:46:20]} 20. Rad1 {[%clk 0:41:08]} Bd6 {[%clk 0:42:52]} 21. Rb1
{[%clk 0:34:12]} Qb7 {[%clk 0:40:58]} 22. Nbd2 {[%clk 0:33:11]} Qc6
{[%clk 0:31:34]} 23. Rxb5 {[%clk 0:31:50]} axb5 {[%clk 0:30:46]} 24. Qb3
{[%clk 0:29:36]} Qa6 {[%clk 0:27:43]} 25. Ra1 {[%clk 0:23:59]} Nc5
{[%clk 0:25:47]} 26. Qb1 {[%clk 0:19:23]} Nf7 {[%clk 0:24:53]} 27. c4
{[%clk 0:17:00]} c6 {[%clk 0:19:40]} 28. cxb5 {[%clk 0:16:42]} cxb5
{[%clk 0:19:52]} 29. Nb3 {[%clk 0:14:18]} Nd7 {[%clk 0:18:11]} 30. Qd3
{[%clk 0:13:21]} Rc8 {[%clk 0:18:05]} 31. h3 {[%clk 0:11:20]} h6 {[%clk 0:17:01]}
32. Nfd2 {[%clk 0:11:00]} Nb8 {[%clk 0:12:53]} 33. Nf3 {[%clk 0:08:16]} b4
{[%clk 0:11:57]} 34. Qd1 {[%clk 0:06:37]} Qb7 {[%clk 0:06:41]} 35. Nfd2
{[%clk 0:05:47]} Rc3 {[%clk 0:06:40]} 36. Nc1 {[%clk 0:04:26]} Na6
{[%clk 0:05:55]} 37. Ne2 {[%clk 0:03:48]} Rc8 {[%clk 0:05:15]} 38. Qb3
{[%clk 0:03:57]} Qe7 {[%clk 0:01:32]} 39. Rc1 {[%clk 0:03:13]} Rxc1+
{[%clk 0:01:36]} 40. Nxc1 {[%clk 0:33:41]} Bc5 {[%clk 0:30:47]} 41. Nd3
{[%clk 0:26:53]} Bxe3 {[%clk 0:27:39]} 42. fxe3 {[%clk 0:27:12]} Qd8
{[%clk 0:14:39]} 43. Nc4 {[%clk 0:26:20]} Ng5 {[%clk 0:10:19]} 44. Nb6
{[%clk 0:20:17]} Nc7 {[%clk 0:01:41]} 45. Qc4 {[%clk 0:19:15]} b3
{[%clk 0:02:05]} 46. Qxb3 {[%clk 0:13:37]} Nxe4 {[%clk 0:02:24]} 47. Qc2
{[%clk 0:13:05]} Qg5 {[%clk 0:01:20]} 48. Nc4 {[%clk 0:09:36]} Nd5
{[%clk 0:01:39]} 49. a6 {[%clk 0:09:42]} Nxe3 {[%clk 0:01:55]} 50. a7
{[%clk 0:09:48]} Nxc2 {[%clk 0:02:00]} 51. a8=Q+ {[%clk 0:10:12]} Kh7
{[%clk 0:02:19]} 52. Qxe4+ {[%clk 0:10:38]} Qf5 {[%clk 0:02:37]} 53. Nd6
{[%clk 0:10:50]} Qxe4 {[%clk 0:02:46]} 54. Nxe4 {[%clk 0:11:14]} Kg6
{[%clk 0:01:28]} 55. g4 {[%clk 0:10:50]} Kf7 {[%clk 0:01:32]} 56. Nxe5+
{[%clk 0:11:12]} Ke7 {[%clk 0:01:59]} 57. Kf2 {[%clk 0:11:36]} Nb4
{[%clk 0:02:20]} 58. Kf3 {[%clk 0:11:32]} Nd5 {[%clk 0:02:36]} 59. Ng6+
{[%clk 0:10:03]} Kf7 {[%clk 0:02:48]} 60. Nf4 {[%clk 0:10:21]} Nf6
{[%clk 0:02:34]} 61. Nxf6 {[%clk 0:09:52]} gxf6 {[%clk 0:02:36]} 62. Kg3
{[%clk 0:08:59]} f5 {[%clk 0:02:07]} 63. gxf5 {[%clk 0:08:57]} exf5
{[%clk 0:02:32]} 64. Ng2 {[%clk 0:09:11]} 1-0

[Event "World Cup 2017"]
[Site "Tbilisi"]
[Date "2017.09.11"]
[Round "19.1"]
[White "Najer Evgeniy (RUS)"]
[Black "Caruana Fabiano (USA)"]
[Result "1/2-1/2"]
[BlackElo "2807"]
[WhiteElo "2707"]
[LiveChessVersion "1.4.8"]

1. e4 {[%clk 0:25:19]} e5 {[%clk 0:25:19]} 2. Nf3 {[%clk 0:25:28]} Nc6
{[%clk 0:25:27]} 3. Bb5 {[%clk 0:25:36]} Nf6 {[%clk 0:25:35]} 4. O-O
{[%clk 0:25:34]} Nxe4 {[%clk 0:25:43]} 5. Re1 {[%clk 0:25:40]} Nd6
{[%clk 0:25:51]} 6. Nxe5 {[%clk 0:25:45]} Be7 {[%clk 0:25:59]} 7. Bf1
{[%clk 0:25:47]} Nxe5 {[%clk 0:26:03]} 8. Rxe5 {[%clk 0:25:50]} O-O
{[%clk 0:26:10]} 9. Nc3 {[%clk 0:25:42]} Ne8 {[%clk 0:25:49]} 10. Nd5
{[%clk 0:25:40]} Bd6 {[%clk 0:25:57]} 11. Re1 {[%clk 0:25:46]} c6
{[%clk 0:26:00]} 12. Ne3 {[%clk 0:25:52]} Be7 {[%clk 0:25:58]} 13. c4
{[%clk 0:25:46]} Nc7 {[%clk 0:25:58]} 14. d4 {[%clk 0:25:09]} d5 {[%clk 0:26:06]}
15. cxd5 {[%clk 0:25:08]} Bb4 {[%clk 0:26:07]} 16. Bd2 {[%clk 0:25:10]} Bxd2
{[%clk 0:26:14]} 17. Qxd2 {[%clk 0:25:18]} Nxd5 {[%clk 0:26:18]} 18. Nxd5
{[%clk 0:25:20]} Qxd5 {[%clk 0:26:25]} 19. Re5 {[%clk 0:25:20]} Qd6
{[%clk 0:26:16]} 20. Bc4 {[%clk 0:25:09]} Bd7 {[%clk 0:22:02]} 21. Rae1
{[%clk 0:25:12]} Rae8 {[%clk 0:20:38]} 22. Qe3 {[%clk 0:22:15]} Rxe5
{[%clk 0:16:37]} 23. dxe5 {[%clk 0:21:58]} Qb4 {[%clk 0:16:45]} 24. Bb3
{[%clk 0:21:31]} Be6 {[%clk 0:15:33]} 25. Rd1 {[%clk 0:20:03]} Bxb3
{[%clk 0:15:14]} 26. axb3 {[%clk 0:19:53]} Qe7 {[%clk 0:14:17]} 27. f4
{[%clk 0:19:31]} Rd8 {[%clk 0:13:17]} 28. Rxd8+ {[%clk 0:18:57]} Qxd8
{[%clk 0:13:26]} 29. h3 {[%clk 0:17:55]} g6 {[%clk 0:12:56]} 30. b4
{[%clk 0:15:50]} h5 {[%clk 0:10:04]} 31. Kh2 {[%clk 0:13:30]} Kg7
{[%clk 0:09:03]} 32. e6 {[%clk 0:11:00]} fxe6 {[%clk 0:09:11]} 33. Qxa7
{[%clk 0:10:43]} Qd6 {[%clk 0:08:27]} 34. Qxb7+ {[%clk 0:10:07]} 1/2-1/2

[Event "World Cup 2017"]
[Site "Tbilisi"]
[Date "2017.09.11"]
[Round "19.2"]
[White "Aronian Levon (ARM)"]
[Black "Matlakov Maxim (RUS)"]
[Result "1/2-1/2"]
[BlackElo "2728"]
[WhiteElo "2799"]
[LiveChessVersion "1.4.8"]

1. d4 {[%clk 0:25:17]} Nf6 {[%clk 0:25:18]} 2. c4 {[%clk 0:25:24]} e6
{[%clk 0:25:26]} 3. Nf3 {[%clk 0:25:32]} d5 {[%clk 0:25:33]} 4. Nc3
{[%clk 0:25:39]} c5 {[%clk 0:25:39]} 5. cxd5 {[%clk 0:25:44]} Nxd5
{[%clk 0:25:45]} 6. e4 {[%clk 0:25:50]} Nxc3 {[%clk 0:25:52]} 7. bxc3
{[%clk 0:25:58]} cxd4 {[%clk 0:25:59]} 8. cxd4 {[%clk 0:26:06]} Bb4+
{[%clk 0:26:06]} 9. Bd2 {[%clk 0:26:14]} Bxd2+ {[%clk 0:26:09]} 10. Qxd2
{[%clk 0:26:22]} O-O {[%clk 0:26:15]} 11. Bc4 {[%clk 0:26:26]} Nd7
{[%clk 0:25:56]} 12. O-O {[%clk 0:26:27]} b6 {[%clk 0:26:02]} 13. d5
{[%clk 0:25:32]} Nc5 {[%clk 0:25:40]} 14. Rfe1 {[%clk 0:25:29]} Bb7
{[%clk 0:23:59]} 15. Rad1 {[%clk 0:25:22]} exd5 {[%clk 0:22:35]} 16. exd5
{[%clk 0:25:30]} Qf6 {[%clk 0:21:58]} 17. Qe3 {[%clk 0:22:49]} Rad8
{[%clk 0:20:26]} 18. h4 {[%clk 0:21:51]} h6 {[%clk 0:19:35]} 19. h5
{[%clk 0:20:39]} Rd6 {[%clk 0:16:05]} 20. Rd4 {[%clk 0:15:21]} Qf5
{[%clk 0:14:49]} 21. Nh4 {[%clk 0:13:45]} Qd7 {[%clk 0:12:13]} 22. Qg3
{[%clk 0:13:10]} Rf6 {[%clk 0:07:51]} 23. Rg4 {[%clk 0:10:22]} Kh8
{[%clk 0:07:59]} 24. Rxg7 {[%clk 0:09:52]} Bxd5 {[%clk 0:07:35]} 25. Ng6+
{[%clk 0:04:28]} Rxg6 {[%clk 0:07:37]} 26. Rxg6 {[%clk 0:04:20]} fxg6
{[%clk 0:07:36]} 27. Qe5+ {[%clk 0:04:25]} Qg7 {[%clk 0:07:26]} 28. Qxd5
{[%clk 0:04:34]} Qf6 {[%clk 0:07:02]} 29. f3 {[%clk 0:04:32]} Rd8
{[%clk 0:03:57]} 30. Qf7 {[%clk 0:04:40]} Qxf7 {[%clk 0:03:52]} 31. Bxf7
{[%clk 0:04:50]} gxh5 {[%clk 0:03:36]} 32. Bxh5 {[%clk 0:04:58]} a5
{[%clk 0:02:59]} 33. Re8+ {[%clk 0:05:06]} Rxe8 {[%clk 0:03:05]} 34. Bxe8
{[%clk 0:05:15]} Kg7 {[%clk 0:03:13]} 35. Kf2 {[%clk 0:05:08]} Kf6
{[%clk 0:02:56]} 36. Ke3 {[%clk 0:05:11]} Ke5 {[%clk 0:01:02]} 37. f4+
{[%clk 0:05:11]} Kf5 {[%clk 0:01:11]} 38. Kf3 {[%clk 0:04:00]} Nd3
{[%clk 0:00:28]} 39. g4+ {[%clk 0:03:55]} Ke6 {[%clk 0:00:37]} 40. a3
{[%clk 0:03:07]} Ne1+ {[%clk 0:00:28]} 41. Ke4 {[%clk 0:03:10]} Nc2
{[%clk 0:00:36]} 42. a4 {[%clk 0:03:10]} Nb4 {[%clk 0:00:40]} 43. Bb5
{[%clk 0:03:08]} Kf6 {[%clk 0:00:46]} 44. Be2 {[%clk 0:02:44]} Ke6
{[%clk 0:00:33]} 45. Bc4+ {[%clk 0:01:09]} Kf6 {[%clk 0:00:40]} 46. Bf1
{[%clk 0:01:08]} Na2 {[%clk 0:00:30]} 47. Kd4 {[%clk 0:01:13]} Nb4
{[%clk 0:00:38]} 48. Bd3 {[%clk 0:00:45]} Ke6 {[%clk 0:00:36]} 49. Kc4
{[%clk 0:00:43]} Nd5 {[%clk 0:00:38]} 50. g5 {[%clk 0:00:35]} Nxf4
{[%clk 0:00:26]} 51. gxh6 {[%clk 0:00:43]} Kf6 {[%clk 0:00:35]} 52. h7
{[%clk 0:00:30]} Kg7 {[%clk 0:00:45]} 53. Bf5 {[%clk 0:00:39]} Kh8
{[%clk 0:00:49]} 54. Be4 {[%clk 0:00:25]} Kg7 {[%clk 0:00:49]} 55. Bf3
{[%clk 0:00:34]} Ne6 {[%clk 0:00:54]} 1/2-1/2

[Event "World Cup 2017"]
[Site "Tbilisi"]
[Date "2017.09.11"]
[Round "19.3"]
[White "Lenderman Aleksandr (USA)"]
[Black "Vachier-Lagrave Maxime (FRA)"]
[Result "0-1"]
[BlackElo "2789"]
[WhiteElo "2565"]
[LiveChessVersion "1.4.8"]

1. Nf3 {[%clk 0:25:17]} c5 {[%clk 0:25:19]} 2. c4 {[%clk 0:25:25]} Nc6
{[%clk 0:25:28]} 3. d4 {[%clk 0:25:31]} cxd4 {[%clk 0:25:33]} 4. Nxd4
{[%clk 0:25:38]} Nf6 {[%clk 0:25:30]} 5. Nc3 {[%clk 0:25:46]} e6 {[%clk 0:25:37]}
6. a3 {[%clk 0:25:54]} Be7 {[%clk 0:25:28]} 7. e4 {[%clk 0:25:59]} O-O
{[%clk 0:25:05]} 8. Nf3 {[%clk 0:26:07]} Qc7 {[%clk 0:24:44]} 9. Be2
{[%clk 0:25:37]} b6 {[%clk 0:24:33]} 10. O-O {[%clk 0:25:42]} Bb7
{[%clk 0:24:41]} 11. Bg5 {[%clk 0:24:56]} Ne5 {[%clk 0:24:49]} 12. Nd2
{[%clk 0:24:18]} Ng6 {[%clk 0:24:07]} 13. g3 {[%clk 0:21:26]} Rad8
{[%clk 0:23:26]} 14. Rc1 {[%clk 0:21:22]} h6 {[%clk 0:23:33]} 15. Be3
{[%clk 0:21:27]} Bc5 {[%clk 0:23:42]} 16. Bxc5 {[%clk 0:20:46]} bxc5
{[%clk 0:23:50]} 17. f4 {[%clk 0:20:21]} d5 {[%clk 0:22:59]} 18. cxd5
{[%clk 0:19:30]} exd5 {[%clk 0:23:06]} 19. e5 {[%clk 0:19:36]} d4
{[%clk 0:21:32]} 20. Na4 {[%clk 0:19:04]} Nd5 {[%clk 0:21:10]} 21. Rxc5
{[%clk 0:18:16]} Qe7 {[%clk 0:20:36]} 22. Qc1 {[%clk 0:16:05]} Qd7
{[%clk 0:16:43]} 23. b3 {[%clk 0:12:47]} Rc8 {[%clk 0:14:47]} 24. Bf3
{[%clk 0:11:45]} Nc3 {[%clk 0:12:34]} 25. Rxc8 {[%clk 0:10:54]} Rxc8
{[%clk 0:12:42]} 26. Nxc3 {[%clk 0:10:22]} Rxc3 {[%clk 0:12:44]} 27. Qd1
{[%clk 0:10:00]} Ne7 {[%clk 0:11:25]} 28. Bxb7 {[%clk 0:06:20]} Qxb7
{[%clk 0:11:30]} 29. Qe2 {[%clk 0:05:58]} Nf5 {[%clk 0:09:23]} 30. Qe4
{[%clk 0:06:01]} Qxe4 {[%clk 0:08:42]} 31. Nxe4 {[%clk 0:06:10]} Rxb3
{[%clk 0:08:50]} 32. Rc1 {[%clk 0:06:04]} Rb2 {[%clk 0:07:43]} 33. Rc8+
{[%clk 0:05:49]} Kh7 {[%clk 0:07:52]} 34. Rc7 {[%clk 0:05:49]} Re2
{[%clk 0:06:26]} 35. Nc5 {[%clk 0:04:37]} Rc2 {[%clk 0:05:24]} 36. Rxf7
{[%clk 0:02:34]} Kg6 {[%clk 0:05:28]} 37. e6 {[%clk 0:02:43]} Rxc5
{[%clk 0:05:15]} 38. g4 {[%clk 0:02:52]} Ne3 {[%clk 0:04:29]} 39. f5+
{[%clk 0:02:58]} Kh7 {[%clk 0:02:24]} 40. e7 {[%clk 0:02:39]} Re5
{[%clk 0:02:12]} 41. f6 {[%clk 0:02:30]} Kg6 {[%clk 0:02:20]} 42. Rf8
{[%clk 0:02:37]} d3 {[%clk 0:02:29]} 43. fxg7 {[%clk 0:01:38]} Kxg7
{[%clk 0:02:37]} 44. Rd8 {[%clk 0:01:34]} Rxe7 {[%clk 0:02:44]} 45. Rxd3
{[%clk 0:01:43]} Nxg4 {[%clk 0:02:40]} 46. Rg3 {[%clk 0:01:51]} h5
{[%clk 0:02:49]} 47. h3 {[%clk 0:01:39]} Re3 {[%clk 0:02:58]} 0-1

[Event "World Cup 2017"]
[Site "Tbilisi"]
[Date "2017.09.11"]
[Round "19.4"]
[White "Grischuk Alexander (RUS)"]
[Black "Navara David (CZE)"]
[Result "1/2-1/2"]
[BlackElo "2737"]
[WhiteElo "2783"]
[LiveChessVersion "1.4.8"]

1. Nf3 {[%clk 0:25:09]} Nf6 {[%clk 0:25:03]} 2. g3 {[%clk 0:25:15]} c5
{[%clk 0:25:09]} 3. Bg2 {[%clk 0:24:38]} Nc6 {[%clk 0:25:08]} 4. O-O
{[%clk 0:24:11]} g6 {[%clk 0:25:09]} 5. d4 {[%clk 0:22:50]} cxd4 {[%clk 0:25:17]}
6. Nxd4 {[%clk 0:22:58]} Bg7 {[%clk 0:25:24]} 7. c4 {[%clk 0:21:34]} O-O
{[%clk 0:25:27]} 8. Nc2 {[%clk 0:18:43]} d6 {[%clk 0:25:01]} 9. Nc3
{[%clk 0:18:51]} Be6 {[%clk 0:23:52]} 10. b3 {[%clk 0:18:01]} Qd7
{[%clk 0:23:35]} 11. Bb2 {[%clk 0:16:16]} Bh3 {[%clk 0:23:33]} 12. Ne3
{[%clk 0:16:16]} Rfd8 {[%clk 0:18:57]} 13. Qb1 {[%clk 0:11:52]} Bxg2
{[%clk 0:18:05]} 14. Kxg2 {[%clk 0:12:01]} e6 {[%clk 0:17:38]} 15. Rd1
{[%clk 0:12:08]} a6 {[%clk 0:15:35]} 16. Rd2 {[%clk 0:09:35]} Ne5
{[%clk 0:14:15]} 17. f3 {[%clk 0:07:17]} b5 {[%clk 0:13:16]} 18. Ne4
{[%clk 0:05:07]} Nxe4 {[%clk 0:12:19]} 19. Qxe4 {[%clk 0:05:15]} bxc4
{[%clk 0:11:13]} 20. bxc4 {[%clk 0:05:22]} Rab8 {[%clk 0:10:22]} 21. Rad1
{[%clk 0:03:13]} f5 {[%clk 0:10:30]} 22. Qf4 {[%clk 0:03:18]} g5 {[%clk 0:07:51]}
23. Qxe5 {[%clk 0:01:16]} Bxe5 {[%clk 0:07:59]} 24. Bxe5 {[%clk 0:01:25]} Qa7
{[%clk 0:08:08]} 25. Bd4 {[%clk 0:01:13]} Qe7 {[%clk 0:08:16]} 26. Bb2
{[%clk 0:00:57]} Rbc8 {[%clk 0:05:57]} 27. Ba3 {[%clk 0:00:58]} f4
{[%clk 0:02:19]} 28. Ng4 {[%clk 0:01:02]} h5 {[%clk 0:02:27]} 29. Nf2
{[%clk 0:00:24]} Rxc4 {[%clk 0:02:17]} 30. Bxd6 {[%clk 0:00:32]} Qh7
{[%clk 0:01:58]} 31. g4 {[%clk 0:00:21]} Kf7 {[%clk 0:00:52]} 32. gxh5
{[%clk 0:00:16]} Rc2 {[%clk 0:00:43]} 33. Ne4 {[%clk 0:00:16]} Rxd2
{[%clk 0:00:51]} 34. Nxg5+ {[%clk 0:00:18]} Kg8 {[%clk 0:00:44]} 35. Rxd2
{[%clk 0:00:26]} Qg7 {[%clk 0:00:23]} 36. h4 {[%clk 0:00:27]} Qc3
{[%clk 0:00:12]} 37. Bb4 {[%clk 0:00:12]} Qxd2 {[%clk 0:00:18]} 38. Bxd2
{[%clk 0:00:21]} Rxd2 {[%clk 0:00:25]} 39. a4 {[%clk 0:00:18]} Rxe2+
{[%clk 0:00:22]} 40. Kh3 {[%clk 0:00:27]} Kg7 {[%clk 0:00:17]} 41. Kg4
{[%clk 0:00:35]} e5 {[%clk 0:00:23]} 42. Ne4 {[%clk 0:00:30]} Re3
{[%clk 0:00:21]} 43. Nc5 {[%clk 0:00:15]} a5 {[%clk 0:00:27]} 44. Nb7
{[%clk 0:00:24]} Rc3 {[%clk 0:00:16]} 45. Nxa5 {[%clk 0:00:27]} Kf6
{[%clk 0:00:23]} 46. h6 {[%clk 0:00:31]} Rc1 {[%clk 0:00:24]} 47. Nb7
{[%clk 0:00:18]} Rg1+ {[%clk 0:00:31]} 48. Kh5 {[%clk 0:00:27]} Kf7
{[%clk 0:00:13]} 49. a5 {[%clk 0:00:24]} Kg8 {[%clk 0:00:16]} 50. Nc5
{[%clk 0:00:25]} Rg3 {[%clk 0:00:22]} 51. Nd7 {[%clk 0:00:17]} Rxf3
{[%clk 0:00:26]} 52. Nxe5 {[%clk 0:00:18]} Re3 {[%clk 0:00:35]} 53. Ng4
{[%clk 0:00:22]} Rg3 {[%clk 0:00:14]} 54. a6 {[%clk 0:00:20]} Ra3
{[%clk 0:00:12]} 55. Kg5 {[%clk 0:00:26]} Ra4 {[%clk 0:00:21]} 56. Ne5
{[%clk 0:00:16]} Kh7 {[%clk 0:00:29]} 57. a7 {[%clk 0:00:22]} Rxa7
{[%clk 0:00:34]} 58. Kxf4 {[%clk 0:00:30]} Kxh6 {[%clk 0:00:42]} 59. Kf5
{[%clk 0:00:34]} Kh5 {[%clk 0:00:51]} 60. Kf4 {[%clk 0:00:41]} Kxh4
{[%clk 0:00:57]} 61. Nf3+ {[%clk 0:00:49]} Kh5 {[%clk 0:01:06]} 62. Ne5
{[%clk 0:00:58]} Ra8 {[%clk 0:01:12]} 63. Kf5 {[%clk 0:01:02]} Rf8+
{[%clk 0:01:21]} 64. Ke4 {[%clk 0:01:10]} Kg5 {[%clk 0:01:29]} 65. Nf3+
{[%clk 0:01:17]} Kg4 {[%clk 0:01:36]} 66. Ne5+ {[%clk 0:01:24]} Kg3
{[%clk 0:01:44]} 67. Kd5 {[%clk 0:01:24]} Rd8+ {[%clk 0:01:45]} 1/2-1/2

[Event "World Cup 2017"]
[Site "Tbilisi"]
[Date "2017.09.11"]
[Round "19.6"]
[White "Giri Anish (NED)"]
[Black "Sethuraman S.P. (IND)"]
[Result "1-0"]
[BlackElo "2618"]
[WhiteElo "2772"]
[LiveChessVersion "1.4.8"]

1. e4 {[%clk 0:25:19]} e5 {[%clk 0:25:19]} 2. Nf3 {[%clk 0:25:28]} Nc6
{[%clk 0:25:28]} 3. Bc4 {[%clk 0:25:37]} Bc5 {[%clk 0:25:36]} 4. O-O
{[%clk 0:25:45]} Nf6 {[%clk 0:25:44]} 5. d3 {[%clk 0:25:54]} O-O {[%clk 0:25:52]}
6. h3 {[%clk 0:26:03]} d6 {[%clk 0:25:59]} 7. c3 {[%clk 0:26:12]} Ne7
{[%clk 0:26:07]} 8. Nbd2 {[%clk 0:26:05]} Ng6 {[%clk 0:26:16]} 9. Re1
{[%clk 0:26:14]} c6 {[%clk 0:26:25]} 10. Bb3 {[%clk 0:26:09]} Bb6
{[%clk 0:26:27]} 11. Nf1 {[%clk 0:25:54]} Re8 {[%clk 0:26:11]} 12. Ng3
{[%clk 0:25:51]} Be6 {[%clk 0:26:18]} 13. Bxe6 {[%clk 0:23:50]} Rxe6
{[%clk 0:26:26]} 14. d4 {[%clk 0:23:57]} d5 {[%clk 0:25:26]} 15. Nxe5
{[%clk 0:19:54]} Nxe5 {[%clk 0:25:22]} 16. dxe5 {[%clk 0:20:03]} Rxe5
{[%clk 0:20:09]} 17. Bf4 {[%clk 0:18:45]} Re6 {[%clk 0:20:18]} 18. e5
{[%clk 0:18:04]} Nd7 {[%clk 0:20:26]} 19. Nf5 {[%clk 0:17:07]} Nc5
{[%clk 0:20:34]} 20. Nd4 {[%clk 0:16:47]} Rg6 {[%clk 0:20:42]} 21. Be3
{[%clk 0:16:12]} Ne4 {[%clk 0:19:59]} 22. Qh5 {[%clk 0:15:40]} Qc7
{[%clk 0:18:09]} 23. Rad1 {[%clk 0:15:20]} Re8 {[%clk 0:18:17]} 24. f4
{[%clk 0:15:22]} f6 {[%clk 0:15:21]} 25. exf6 {[%clk 0:12:45]} Nxf6
{[%clk 0:15:17]} 26. Qf3 {[%clk 0:12:52]} Ne4 {[%clk 0:15:25]} 27. g4
{[%clk 0:12:40]} Rf6 {[%clk 0:14:11]} 28. f5 {[%clk 0:12:40]} Rff8
{[%clk 0:12:59]} 29. Qg2 {[%clk 0:12:30]} Bxd4 {[%clk 0:12:22]} 30. Bxd4
{[%clk 0:12:33]} g6 {[%clk 0:11:38]} 31. c4 {[%clk 0:12:09]} b6 {[%clk 0:06:36]}
32. cxd5 {[%clk 0:11:52]} cxd5 {[%clk 0:06:45]} 33. Re3 {[%clk 0:11:32]} Qf7
{[%clk 0:05:58]} 34. Rf1 {[%clk 0:11:29]} h6 {[%clk 0:05:57]} 35. b3
{[%clk 0:11:15]} Kh7 {[%clk 0:05:42]} 36. fxg6+ {[%clk 0:10:17]} Qxg6
{[%clk 0:05:50]} 37. Ref3 {[%clk 0:10:26]} Rxf3 {[%clk 0:05:16]} 38. Qxf3
{[%clk 0:10:34]} Ng5 {[%clk 0:04:00]} 39. Qxd5 {[%clk 0:07:44]} Nxh3+
{[%clk 0:04:08]} 40. Kh2 {[%clk 0:07:53]} Ng5 {[%clk 0:04:16]} 41. Qd7+
{[%clk 0:07:29]} Kg8 {[%clk 0:04:15]} 42. Rf5 {[%clk 0:07:20]} Rf8
{[%clk 0:02:36]} 43. Qd5+ {[%clk 0:07:03]} Ne6 {[%clk 0:02:37]} 44. Be3
{[%clk 0:03:54]} Rf7 {[%clk 0:02:06]} 45. Qf3 {[%clk 0:03:09]} Ng5
{[%clk 0:01:30]} 46. Bxg5 {[%clk 0:02:47]} hxg5 {[%clk 0:01:10]} 47. Qd5
{[%clk 0:02:50]} Qh6+ {[%clk 0:00:16]} 48. Kg2 {[%clk 0:02:54]} Qf8
{[%clk 0:00:24]} 49. Rxg5+ {[%clk 0:02:51]} Kh8 {[%clk 0:00:33]} 50. Qe5+
{[%clk 0:02:49]} Rg7 {[%clk 0:00:41]} 51. Qxg7+ {[%clk 0:02:45]} Qxg7
{[%clk 0:00:50]} 52. Rxg7 {[%clk 0:02:54]} Kxg7 {[%clk 0:00:58]} 53. Kf3
{[%clk 0:03:03]} Kf6 {[%clk 0:01:07]} 54. Kf4 {[%clk 0:03:12]} Kg6
{[%clk 0:01:16]} 55. g5 {[%clk 0:03:21]} Kg7 {[%clk 0:01:25]} 56. Kf5
{[%clk 0:03:31]} Kf7 {[%clk 0:01:34]} 57. g6+ {[%clk 0:03:32]} Kg7
{[%clk 0:01:42]} 58. Kg5 {[%clk 0:03:40]} Kg8 {[%clk 0:01:51]} 59. Kf6
{[%clk 0:03:49]} Kf8 {[%clk 0:02:00]} 60. g7+ {[%clk 0:03:58]} Kg8
{[%clk 0:02:09]} 61. Kg6 {[%clk 0:04:07]} b5 {[%clk 0:02:13]} 62. b4
{[%clk 0:04:13]} a6 {[%clk 0:02:17]} 63. a3 {[%clk 0:04:14]} a5 {[%clk 0:02:26]}
64. bxa5 {[%clk 0:04:24]} b4 {[%clk 0:02:35]} 65. a6 {[%clk 0:04:33]} bxa3
{[%clk 0:02:43]} 66. a7 {[%clk 0:04:42]} 1-0